Ars Poetica. Az okok Arte Poetica. Las Causas

Bibliographic Details
Main Author: Borges, Jorge Luis, 1899-1986 (Author)
Other Authors: Somlyó, György, 1920-2006 (Translator)
Format: Article
Language:Hungarian
Spanish
Subjects:

MARC

LEADER 00000nab a2200000 a 4500
001 vtls000443656
003 SK-MaSNL
005 20260304010742.0
008 120926c1991 xo 0 hun
015 |a SNBRB19rr/mm-uuuuu 
035 |a CL0443786 
040 |a SNKBUCL  |b slo  |c SNKBUCL  |e AACR2 
041 1 |a hun  |h spa 
044 |a xo  |c SK 
080 |a 860 (82)-1=945.11  |2 1981 
100 1 |a Borges, Jorge Luis,  |d 1899-1986  |4 aut  |9 6160 
245 1 0 |a Ars Poetica. Az okok  |b Arte Poetica. Las Causas  |c Jorge Luis Borges ; preklad György Somlyó 
655 7 |a argentínska poézia  |2 snkbucl  |9 298629 
700 1 |a Somlyó, György,  |d 1920-2006  |4 trl  |9 117382 
773 0 |t Vasárnap  |g Roč. 24, č. 22 (1991), s. 10 
850 |a Slovenská národná knižnica v Martine  |a MTA001 
852 |a SNK  |b KIS3GCP 
958 |a LX 
958 |a HU 
958 |a AR 
999 |c 2562811  |d 2564741